000 00924nam a2200301 a 4500
003 DO-SdBNP
005 20240411095524.0
007 ta
008 220118e2017 dr ||||er|||| 001 f spa d
020 _a9789945597257
040 _aDO-SdBNP
_bspa
_cBNPHU
082 4 _222
_bP893p
100 1 _aPozo, Rafael Antonio
_980966
245 1 3 _aLa Pangea /
_cRafael Antonio Pozo
246 _aLa sotana de Ana
260 _aSanto Domingo :
_bAmigo del Hogar,
_c2017
300 _a84 p. ;
_c18 cm.
501 _aLa Pagea / Rafael Antonio Pozo.
501 _aLa sotana de Ana / Rafael Antonio Pozo.
505 0 _aLa Pragea.
505 0 _aLa Sotana de Ana.
590 _aInventariado 2022 / MF
650 4 _950038
_aNovela de Ciencia Ficción
_zRepública Dominicana
650 0 _aLITERATURA DOMINICANA
_xCiencia ficción
_978268
650 0 _923623
_aNovela Dominicana
_xColeccines
910 _aMFéliz
942 _2ddc
_cLBS1
999 _c51184
_d51184